Normal view
MARC view
Entry Personal Name
001 - CONTROL NUMBER
- control field: 11600
003 - CONTROL NUMBER IDENTIFIER
- control field: OSt
005 - DATE AND TIME OF LATEST TRANSACTION
- control field: 20190927111746.0
008 - FIXED-LENGTH DATA ELEMENTS
- fixed length control field: 190927|| aca||aabn | a|a d
040 ## - CATALOGING SOURCE
- Original cataloging agency: OSt
- Transcribing agency: OSt
100 ## - HEADING--PERSONAL NAME
- Personal name: India. Department of Administrative Reforms & Public Grievances
670 ## - SOURCE DATA FOUND
- Source citation: Work cat.: (OSt): India. Department of Administrative Reforms & Public Grievances , Ethics and accountability in governance & redressal of public grievances - the Indian experience
